| 000 | 00797 a2200193 4500 | ||
|---|---|---|---|
| 001 | 62860 | ||
| 005 | 20260407155922.0 | ||
| 008 | 260407a1975 arg spa d | ||
| 003 | AR-UNSa-BCEJYS | ||
| 040 |
_aAR-UNSa-BCEJYS _bspa _cAR-UNSa-BCEJYS |
||
| 080 |
_a339.5 _xComercio exterior. Comercio Internacional |
||
| 245 | 1 | 0 | _aLa cuestión de la propiedad industrial en América y su papel en el proceso de desarrollo e integración económica |
| 264 | 1 |
_aBuenos Aires : _bBID/INTAL (Banco Interamericano de Desarrollo. Instituto para la integración de América Latina) _c1975 |
|
| 300 |
_a66 p. _c27 cm. |
||
| 041 | _aspa | ||
| 942 | _cBK | ||
| 590 | _aniveau_biblio:m niveau_hierar:0 | ||
| 100 | 1 | _aBanco Interamericano de Desarrollo. Instituto para la Integración de América Latina (BID-INTAL) | |
| 999 |
_c7855 _d7855 |
||